Erato : ars amatoria en Guadalajara /

Guardado en:
Detalles Bibliográficos
Autor principal: Larios, Marco Aurelio (autor)
Formato: Libro
Idioma:Español
Publicado: Guadalajara, México : Arlequín : Libros del Arrayán, 2003, c2003
Edición:2a edición
Colección:(El Gran Padrote)
Temas:
Etiquetas: Agrega una etiqueta
Sin etiquetas, Sé el primero en etiquetar este registro!

MARC

LEADER 00000nam^a2200000^a^4500
001 000169136
005 20250521000000.0
009 20260310101225.654
020 |a 968-7463-16-3 
037 |a Acervo ITESO - Biblioteca 
041 |a ESP 
082 |a 861.  |b LAR 
100 |a Larios, Marco Aurelio  |e (autor) 
245 1 0 |a Erato :  |b ars amatoria en Guadalajara /  |c M.A. Larios. 
250 |a 2a edición 
264 4 |a Guadalajara, México :  |b Arlequín :  |b Libros del Arrayán,  |c 2003, c2003 
300 |a 68 p. 
336 |a texto  |b txt  |2 rdacontenido 
337 |a sin mediación  |b n  |2 rdamedio 
338 |a volumen  |b nc  |2 rdasoporte 
440 4 |a (El Gran Padrote) 
649 |a XX 
650 |a Poesía Jalisciense 
650 |a Poesía Mexicana 
650 |a Literatura Jalisciense -  |y Siglo XXI 
650 |a Literatura Mexicana -  |y Siglo XXI 
910 |a Fondo General 
920 |a Impresos - Libros 
930 |a Colección General 
940 |a Literatura 
905 |a 101 
901 |a 0500105843  |b IT1  |c LIT  |u 20250521 
902 |a https://opac.biblio.iteso.mx/vufind/Record/000169136